000 00643nam a2200181 4500
001 137450
003 ES-MaACL
005 20240206203242.0
007 t|
008 070214s1955 sp r ||||1| spa d
100 1 _aSánchez-Arcas, Ruperto.
_9102466
245 1 3 _aEl parto a través de los tiempos
_b: (contribución al estudio iconográfico de la parturición) /
_cRuperto Sánchez Arcas ; prólogo de J. Botella Llusia.
260 _aMadrid :
_bVekar,
_c1955.
300 _a141 p., 43 lám. :
_bil. ;
_c22 cm.
700 1 _aBotella Llusiá, José,
_d1912-2002
_930758
852 _aES-MaACL
_jC-9570
_bR.37973
999 _c137450
_d137450